UBT Library

Shakespeare in music; (Record no. 40158)

000 -LEADER
fixed length control field 00463cam a2200205u 4500
001 - CONTROL NUMBER
control field 7048771
005 - DATE AND TIME OF LATEST TRANSACTION
control field 20180112035041.0
008 - FIXED-LENGTH DATA ELEMENTS--GENERAL INFORMATION
fixed length control field 830422s1964 enkg b 000 0ceng
010 ## - LIBRARY OF CONGRESS CONTROL NUMBER
LC control number 64021274
040 ## - CATALOGING SOURCE
Original cataloging agency DLC
Transcribing agency CarP
Modifying agency DLC
041 ## - LANGUAGE CODE
Language code of text/sound track or separate title eng
043 ## - GEOGRAPHIC AREA CODE
Geographic area code e-uk-en
080 ## - UNIVERSAL DECIMAL CLASSIFICATION NUMBER
Universal Decimal Classification number 821
082 ## - DEWEY DECIMAL CLASSIFICATION NUMBER
Edition number 821 HAR
100 1# - Rafti
Rafti 21
101 ## - Shkurtesa
Shkurtesa GJL
245 10 - TITLE STATEMENT
Title Shakespeare in music;
906 ## - LOCAL DATA ELEMENT F, LDF (RLIN)
a 0
b cbc
c premunv
d u
e ncip
f 19
g y-gencatlg
942 ## - ADDED ENTRY ELEMENTS (KOHA)
Source of classification or shelving scheme
Item type Books
Holdings
Withdrawn status Lost status Source of classification or shelving scheme Damaged status Not for loan Collection code Permanent location Current location Shelving location Date acquired Total Checkouts Full call number Barcode Date last seen Price effective from Koha item type
          Koleksioni i përgjithshem UBT - Lipjan UBT - Lipjan Koleksioni i përgjithshem 01/12/2018   821 HAR 002-2995273 01/12/2018 01/12/2018 Books
UBT Library © 2015-2024. All rights reserved University Education for Business and Technology